01013nam a22002297a 4500003000900000005001700009007000300026008003100029020001800060040002600078100002800104245004400132260003800176300003900214590002900253942001400282952011500296952012000411952012000531952011500651999001700766DO-SdBNP20220818104338.0ta210719b 2017 dr a 00| 0 eng d a9789945167931 aDO-SdBNPbspacBNPHU 1 aPérez, Faustino9194510aReplicantes ad hoc /cFaustino Pérez. aSanto Domingo : bBúho, c2017. a161 p. : bil., retrs. ; c22 cm.  aInventariado, 2021 /LP  2ddccLBS1 00102ddc51708PDaBNPHUbBNPHUcCTd2021-07-19eDepósito Legal p2021-25237r2021-07-19w2021-07-19yLBS1 00102ddc51708PDaBNPHUbBNPHUcCTd2021-07-19eDepósito Legal p2021-25238r2021-07-19te.2w2021-07-19yLBS1 00102ddc56708DSaBNPHUbBNPHUcCTd2021-07-19eDepósito Legal p2021-25239r2021-07-19te.3w2021-07-19yLBS1 00102ddc56708DSaBNPHUbBNPHUcCTd2022-05-31eDonaciónl0p2022-2500r2022-05-31te.4w2022-05-31yLBS1 c50140d50140